Krajská knižnica Karola Kmeťka v Nitre - interiér

Gespeichert in:
Bibliographische Detailangaben
1. Verfasser: Sedlák, Branko (Verfasst von)
Weitere Verfasser: Morávková, Katarína (Betreuung Doktorarbeit)
Format: Manuskript Buch
Sprache:Slowakisch
Veröffentlicht: 2025
Schlagworte:
Online-Zugang:http://is.stuba.sk/zp/portal_zp.pl?podrobnosti=178824
Tags: Tag hinzufügen
Keine Tags, Fügen Sie das erste Tag hinzu!

MARC

LEADER 00000ntm a22000003a 4500
001 stuzp104250
003 SK-STU
005 20250607210447.8
007 ta
008 150427s2015----xo-----f-mn---000-0-slo-d
040 |a STU  |b slo 
041 0 |a slo 
100 1 |a Sedlák, Branko  |u 055150  |4 aut  |U FAD Fakulta architektúry a dizajnu  |T FAD Ústav interiéru a výstavníctva  |X 99304  |U A5150  |Y 396  |7 99304 
242 0 1 |a Karol Kmetko Regional library in Nitra - interior  |y eng 
245 1 0 |a Krajská knižnica Karola Kmeťka v Nitre - interiér 
260 |c 2025 
650 4 |a community life  |2 eng 
650 4 |a functional zoning  |2 eng 
650 4 |a cultural space  |2 eng 
650 4 |a Karol Kmeťko Regional Library  |2 eng 
650 4 |a public library  |2 eng 
650 4 |a interior design  |2 eng 
650 4 |a funkčné zónovanie  |2 slo 
650 4 |a kultúrny priestor  |2 slo 
650 4 |a verejná knižnica  |2 slo 
650 4 |a komunitný život  |2 slo 
650 4 |a Krajská knižnica Karola Kmeťka  |2 slo 
650 4 |a interiérový dizajn  |2 slo 
700 1 |a Morávková, Katarína  |u 055150  |k Z8  |4 ths  |U FAD Fakulta architektúry a dizajnu  |T FAD Ústav interiéru a výstavníctva  |X 422  |U A5150  |Y 396  |7 A000000422 
856 4 |u http://is.stuba.sk/zp/portal_zp.pl?podrobnosti=178824